| 000 | 01207cam a2200193 4500500 | ||
|---|---|---|---|
| 005 | 20260405085945.0 | ||
| 041 | _afre | ||
| 042 | _adc | ||
| 100 | 1 | 0 |
_aVergnaud, Anne _eauthor |
| 700 | 1 | 0 |
_aRichard, Daniel _eauthor |
| 700 | 1 | 0 |
_aBarbe, Lou _eauthor |
| 700 | 1 | 0 |
_aMorel, Loïs _eauthor |
| 700 | 1 | 0 |
_aNattier, Romain _eauthor |
| 700 | 1 | 0 |
_aPrat, Roger _eauthor |
| 245 | 0 | 0 | _aMémo visuel de biologie végétale : Licence, prépas, CAPES |
| 260 |
_bDunod,
_c2025. |
||
| 520 | _aLa deuxième édition, mise à jour et enrichie, de cet aide-mémoire en couleurs présente sous une forme visuelle l'essentiel des notions essentielles de la biologie végétale (biologie cellulaire, croissance, développement, nutrition, métabolisme, écologie et classification phylogénétique) à connaître en vue des examens et concours. Plus de 500 schémas et photos regroupés par thème et sous la forme de fiches sont commentés pour réviser d'un seul coup d'œil ! L’image a volontairement été privilégiée, le texte d’accompagnement résumant les idées essentielles. | ||
| 856 | 4 | 1 | _uhttps://stm.cairn.info/memo-visuel-de-biologie-vegetale--9782100874248?lang=fr&redirect-ssocas=7080 |
| 999 |
_c2201752 _d2201752 |
||